| 000 | 00000nam 2200000za 4500 |
| 001 | 9.803216 |
| 003 | CaOODSP |
| 005 | 20240207110938 |
| 007 | cr ||||||||||| |
| 008 | 150915s2015 onca #o f000 0 fre d |
| 040 | |aCaOODSP|bfre |
| 043 | |an-cn--- |
| 086 | 1 |aSE3-96/2015F-PDF |
| 245 | 00|aMon guide de l'électeur |h[ressource électronique]. |
| 260 | |a[Ottawa] : |bÉlections Canada, |c2015. |
| 300 | |a21 p. : |bill. |
| 500 | |aPubli. aussi en anglais sous le titre : My voter's guide. |
| 692 | 07|2gccst|aÉlections |
| 692 | 07|2gccst|aManuel |
| 710 | 2 |aÉlections Canada. |
| 775 | 08|tMy voter's guide |w(CaOODSP)9.803215 |
| 856 | 40|qPDF|s2.60 Mo|uhttps://publications.gc.ca/collections/collection_2015/elections/SE3-96-2015-fra.pdf |
| 986 | |aEC 90246 |